000 00429 a2200157 4500
001 63700
082 _a621.38154KUL
090 _c37691
_d37691
100 _aKularatna,N
245 _aDigital and Analogue Instrumentation:Testing and Measurement
250 _a1
260 _aLondon
_bThe Institute of Electrical Engrs
300 _axxix,645p.
500 _aTesting and Measurement
650 _aTesting and Measurement
942 _aNUST-CAE
_k621.38154KUL
999 _c298773
_d298773